¿Qué es esto que me pasa? /

Guardado en:
Autor Principal: Rizzi, Florencia.
Otros Autores: López Rodríguez, Sabrina.
Formato: Libro
Idioma:Undetermined
Publicado: Buenos Aires : Artemisa, 2012.
Edición:1a ed.
Materias:
Etiquetas: Agregar Etiqueta
Sin Etiquetas, Sea el primero en etiquetar este registro!
LEADER 01096nam a22001935a 4500
001 CEM.cems021173
008 240528s2012####ag############000#0#und#d
005 20240528141253.0
245 1 0 |a ¿Qué es esto que me pasa? /  |c Florencia Rizzi y Sabrina López Rodríguez. 
250 |a 1a ed. 
260 |a Buenos Aires :  |b Artemisa,  |c 2012. 
300 |a 48 p. 
505 0 |a ¿Qué es esto que me pasa? -- Pubertad: ¿qué es? -- ¡Las 5 fases! -- Esta cabecita loca -- Granitos y granotes -- Pelos por doquier -- Depilarse, afeitarse... -- Mi pene -- Mi vagina -- Dudas para ellos - dudas para ellas -- Entrando al probador -- ¡Me vino! -- Reproducción -- Dudas sobre reproducción -- Cambios físicos en ambos sexos -- ¡Espejito, espejito! -- Atacando la heladera -- ¡Ellas, impecables! -- ¡Ellos, impecables! -- Los enamorados -- Sexualidad -- Amigos son los amigos -- Glosario teen 
020 |a 9789876741842 
100 1 |a Rizzi, Florencia. 
700 1 |a López Rodríguez, Sabrina. 
653 |a Pubertad 
653 |a Educación sexual 
859 |a CEMS  |b BIB. CEMS - 11 de abril  |h 371.76  |i R529  |p 29218.22  |t Ej.1